Propuesta de un sistema de información web de control de nómina para la PYME CONCALITEC consultoría calidad & Tecnología

Los beneficios que proporcionará este proyecto, en la incorporación de nuevas tecnologías a la empresa con el objetivo de agilizar los procesos de cálculo a la nómina, reducir costo, reducir tiempo, mejorar las relaciones interpersonales entre cada trabajador por estos motivos se encuentra la n...

Full description

Bibliographic Details
Main Author: Hernández Tijerino, Kevin Enrique
Other Authors: Tutor: Espinoza Aragón, Evelyn
Format: Tesis Section = Libro
Language:Undetermined
Spanish
Published: Managua UNI 2020
Subjects:
LEADER 01367nam a2200289Ia 4500
008 240830s9999 xx 000 0 und d
040 |a BIBLIOTECA-RUPAP Mon 005.74 H557 
041 |a spa 
082 |a Mon 005.74 H557 
100 1 |a Hernández Tijerino, Kevin Enrique 
245 1 0 |a Propuesta de un sistema de información web de control de nómina para la PYME CONCALITEC consultoría calidad & Tecnología 
260 |a Managua  |b UNI  |c 2020 
300 |a 134 p. :il. 
500 |a Contiene: anexos y CD. 
502 |a Tesis (Ingeniero de Sistemas)- UNI, 2020. 
520 3 |a Los beneficios que proporcionará este proyecto, en la incorporación de nuevas tecnologías a la empresa con el objetivo de agilizar los procesos de cálculo a la nómina, reducir costo, reducir tiempo, mejorar las relaciones interpersonales entre cada trabajador por estos motivos se encuentra la necesidad de un sistema de información web de nómina, para evitar el descontento de los trabajadores. 
650 7 |a DESARROLLO DE SISTEMA WEB 
650 7 |b DISEÑO DEL SISTEMA WEB 
650 7 |c BASES DE DATOS 
650 7 |d LENGUAJE PROGRAMACION PARA COMPUTADOR 
650 7 |e INGENIERIA DE SOFTWARE 
650 7 |f TECNOLOGIA DE LA INFORMACION 
650 7 |g CONTROL DE NOMINA 
700 1 |a Tutor:  |b Espinoza Aragón, Evelyn 
942 |c BK  |2 ddc 
991 |a TESIS 
999 |c 15335